Click the Spanish Autonomous Community on a Map - Statistics

General Stats
  • This quiz has been taken 189 times
  • The average score is 14 of 17
Answers on the Map
Answers color-coded by a green-red scale on the quiz's map according to % correct below.
 
Answer Stats
Answer % Correct
Madrid
95%
Balearic Islands
94%
Andalusia
91%
Catalonia
91%
Galicia
90%
Canary Islands
88%
Extremadura
88%
Valencian Community
87%
Murcia
86%
Castile and Leon
82%
Aragon
79%
Basque Country
79%
Castile-La Mancha
78%
Navarre
78%
Asturias
76%
Cantabria
75%
La Rioja
74%
No matching quizzes found
Score Distribution
Percent of People with Each Score
Percentile by Number Answered
Your Score History
You have not taken this quiz